Statistiques concernant Jeu vidéo par lettre - C

Cliquez ici pour prendre le quiz!

Statistiques générales

  • Ce quiz a été pris 667 fois
    (513 depuis la dernière actualisation)
  • Le résultat moyen est 10 sur 20

Statistiques - réponses

IndicesRéponses% Correct
Série de jeux de tir sur le thème de la guerre éditée par ActivisionCall of Duty
97%
Le plus célèbre des bandicootsCrash Bandicoot
97%
Série de jeux développé par King où il faut aligner des sucreriesCandy Crush
91%
Ennemi explosif dans MinecraftCreeper
87%
Protagoniste de cette série de jeux d'action-aventureLara Croft
69%
Série de jeux dépassant les vingt épisodes où la famille Belmont affronte les vampiresCastlevania
66%
Série télévisée d'animation française où des adolescents pénètrent dans un jeu vidéo via une usine désaffectéeCode Lyoko
64%
Jeu de cuisine publié par Taito sur Nintendo DS où le joueur est aux ordres de la cuisinière MamaCooking Mama
62%
Jeune héros torturé par son passé, emblématique de Final Fantasy VIICloud
61%
Plus célèbre tasse anthropomorphique vidéoludique, apparue pour la première fois en 2017Cuphead
54%
Première combattante de la série des Street Fighter, de nationalité chinoiseChun-Li
51%
Développeur de cette série de jeux de combatCapcom
42%
Grand-père de Donkey KongCranky Kong
40%
Jeu où le joueur incarne un chauffeur de taxiCrazy Taxi
40%
Ecureuil irrévérencieux de Rare, versé dans la vulgarité, l'alcool et l'appât du gainConker
21%
Constructeur notamment à l'origine de la Telstar en 1976 puis de la ______Vision en 1982Coleco
10%
Série de run and gun/shoot'em up de Konami emblématique du genre, débutée en 1987Contra
10%
Robot humanoïde minuscule protagoniste de la série éponymeChibi-Robo
8%
Studio de développement à l'origine des premiers Tomb RaiderCore Design
6%
Surnommée la dragonne noire dans les jeux de la série SpyroCynder
6%

Distribution des résultats

Percentile par nombre de réponses

% des personnes avec chaque résultat

Votre développement - résultats

Vous n’avez pas pris ce quiz depuis la dernière actualisation